| 000 | 00590nam a22002057a 4500 | ||
|---|---|---|---|
| 003 | OSt | ||
| 005 | 20170329190843.0 | ||
| 008 | 170329b xxu||||| |||| 00| 0 eng d | ||
| 020 | _a1582120234 | ||
| 040 | _cDMLN | ||
| 082 | _aQV145 N95i 2002 | ||
| 100 |
_aEditors Wolinsky, Ira; William, Louis _912012 |
||
| 245 | _aNutrition in Pharmacy Practice | ||
| 260 | _aWashingtom; American Pharmaceutical Association, 2002 | ||
| 300 | _axii,426p; ill: 26cm | ||
| 504 | _aReferences, appendices, & index included | ||
| 650 |
_aNutrition _9321 |
||
| 650 |
_aPharmacy _912013 |
||
| 942 |
_2z _cSLOAN |
||
| 999 |
_c5782 _d5782 |
||